ARRUPE JESUIT UNIVERSITY

CORONAVIRUS -STOP THE SPREAD - CLEAN,DISINFECT,COVER

Rancé and the Trappist legacy / (Record no. 121446)

MARC details
000 -LEADER
fixed length control field 00892cam a2200265 a 4500
001 - CONTROL NUMBER
control field 1441814
003 - CONTROL NUMBER IDENTIFIER
control field ARRUPE
005 - DATE AND TIME OF LATEST TRANSACTION
control field 20141210134018.0
008 - FIXED-LENGTH DATA ELEMENTS--GENERAL INFORMATION
fixed length control field 850404s1985 miu b 001 0beng
010 ## - LIBRARY OF CONGRESS CONTROL NUMBER
LC control number 85007884
020 ## - INTERNATIONAL STANDARD BOOK NUMBER
International Standard Book Number 0879078863
040 ## - CATALOGING SOURCE
Original cataloging agency DLC
Transcribing agency DLC
Modifying agency DLC
050 00 - LIBRARY OF CONGRESS CALL NUMBER
Classification number BX4705.R3
Item number K73 1985
082 00 - DEWEY DECIMAL CLASSIFICATION NUMBER
Classification number 271.125/024
-- B
Edition number 19
300 ## - PHYSICAL DESCRIPTION
Dimensions 23 cm.
100 1# - MAIN ENTRY--PERSONAL NAME
Personal name Krailsheimer, A. J.
9 (RLIN) 13241
245 10 - TITLE STATEMENT
Title Rancé and the Trappist legacy /
Statement of responsibility, etc by A.J. Krailsheimer.
260 ## - PUBLICATION, DISTRIBUTION, ETC. (IMPRINT)
Place of publication, distribution, etc Kalamazoo, Mich. :
Name of publisher, distributor, etc Cistercian Publications,
Date of publication, distribution, etc 1985.
300 ## - PHYSICAL DESCRIPTION
Extent ix, 151 p. ;
440 #0 - SERIES STATEMENT/ADDED ENTRY--TITLE
Title Cistercian studies series ;
Volume number/sequential designation no. 86
9 (RLIN) 13242
504 ## - BIBLIOGRAPHY, ETC. NOTE
Bibliography, etc Includes bibliographical references and index.
600 10 - SUBJECT ADDED ENTRY--PERSONAL NAME
Personal name Rancé, Armand Jean Le Bouthillier de,
Dates associated with a name 1626-1700.
9 (RLIN) 13237
610 20 - SUBJECT ADDED ENTRY--CORPORATE NAME
Corporate name or jurisdiction name as entry element Trappists
Geographic subdivision France
General subdivision Biography.
9 (RLIN) 13243
906 ## - LOCAL DATA ELEMENT F, LDF (RLIN)
a 7
b cbc
c orignew
d 1
e ocip
f 19
g y-gencatlg
942 ## - ADDED ENTRY ELEMENTS (KOHA)
Source of classification or shelving scheme Library of Congress Classification
Koha item type Monograph ( Printed materials)
Holdings
Withdrawn status Lost status Source of classification or shelving scheme Damaged status Not for loan Collection code Home library Current library Shelving location Date acquired Total Checkouts Full call number Barcode Date last seen Price effective from Koha item type
    Library of Congress Classification     Main Collection ARRUPE LIBRARY ARRUPE LIBRARY Main Collection 10/12/2014   BX4156.R3 K73 1985 46500003496 22/11/2017 10/12/2014 Monograph ( Printed materials)

 

Arrupe Library. PO Box MP320 Mt Pleasant, Harare, Zimbabwe
263 242 745411|librarian@aju.ac.zw